00972nam a22001337a 4500003000900000005001700009008004100026040001300067245005400080260002000134300002000154490003000174518063400204IT-RoPau20220918181107.0130527b xxu||||| |||| 00| 0 eng d cIT-RoPau aNoi paolini. Appunti sul problema delle vocazioni aRomabSSPcs.d. a16 pp.c24,5 cm aNoi paolinivNumero unico aSommario Presentazione di Don Silvio Pignotti I risultati di un incontro Una proposta vocazionale ai confratelli paolini di V. Iannuzzi I mass-media strumenti vocazionali di Carlo Andreoli La chiamata Collaborazione per non morire di Gabriele Amorth I giovani e i mass-media non utenti ma protagonisti di Rosario F. Esposito Essere apostoli-testimoni Un campo-scuola di orientamenti di Giulio Neroni Movimento giovanile promotori delle comunicazioni sociali di Iannuzzi - Andreoli Lezioni sui mass-media in funzione vocazionale di Edoardo Falletti Le vocazioni non hanno età€ - come si preparano i paolini - vocazioni adulte